00329nam a2200133Ia 45000030006000000080041000060400015000471000021000622450032000832600047001153000006001625460010001680050017001780STCL150530s9999 xx 000 0 und d aSTCLcSTCL aSudhakar Pandeya aHindi Sahithya ka ka Kha ga bRadhakrishna Prakashan; Delhic1966aDelhi a0 aHindi20220125171310.0